00504 a2200145 4500020001500000100001600015245006700031260005400098300003400152440005500186500002000241650003100261650002800292650003800320 a003058969X10aLathi, B. P10aModern digital and analog communication systemsc/ B.P. Lathi.0 aNew Yorkb: Holt, Rinehart, and Winstonc, c1983. axii, 708 p.b: ill.c; 24 cm. 0aHRW series in electrical and computer engineering. aIncludes index. 0aTelecommunication systems. 0aDigital communications. 0aStatistical communication theory.